| 000 | 00828nam a22002057a 4500 | ||
|---|---|---|---|
| 999 |
_c20591 _d20591 |
||
| 003 | AR-CdUCM | ||
| 008 | 190531b ||||| |||| 00| 0 spa d | ||
| 040 |
_aMUNICIPALIDAD PROVINCIAL DEL CUSCO _cBIBLIOTECA MUNICIPAL DEL CUSCO |
||
| 082 |
_a910 / _bB38 |
||
| 100 |
_aBenavides Estrada, J. Augusto _927805 |
||
| 245 |
_aGeografía de américa y del mundo : _bSegundo grado de secundaria / |
||
| 260 |
_aLima : _bEscuela nueva, _bNuevo horizonte, |
||
| 300 |
_a191 páginas ; _bIlustraciones a color, _c29 cm. |
||
| 505 | _aContenido : América del sur -- Descripción geográfica del Perú -- La cordillera de los andes -- La región amazónica... | ||
| 650 |
_aEl territorio peruano _943043 |
||
| 650 |
_aLas ocho regiones naturales del Perú _943044 |
||
| 650 |
_aFlora y fauna _97216 |
||
| 942 |
_2ddc _cLIBROS |
||
| 945 | _aandy | ||